Statistics for Countries Closest to United States With a Map

Click here to take the quiz!

General Stats

  • This quiz has been taken 492 times
  • The average score is 14 of 20

Answers on the Map

Answers color-coded by a green-red scale on the quiz's map according to % correct below.
Loading ...
 

Answer Stats

country% Correct
Canada
100%
Mexico
100%
Cuba
96%
Bahamas
89%
Haiti
88%
Belize
84%
Guatemala
84%
Dominican Republic
81%
Honduras
79%
Jamaica
77%
El Salvador
76%
Nicaragua
75%
Panama
74%
Costa Rica
69%
Russia
66%
Colombia
49%
Saint Kitts and Nevis
46%
Antigua and Barbuda
43%
Venezuela
43%
Kiribati
20%

Score Distribution

Percentile by Number Answered

Percent of People with Each Score

Your Score History

You have not taken this quiz